Manažment kvality s podporou iGRAFx

Požiadavka súčasnej doby - riešiť problémy a inovovať. Riešenie inovácií s podporou štatistických metód, metodikou riadenia a zlepšovania kvality, štatistického riadenia kvality, hĺbkovej analýzy údajov a možnosťou modelovania a simulovania podnikových procesov pomocou softvérových systémov iGrafx a...

Description complète

Enregistré dans:
Détails bibliographiques
Auteur principal: Horníková, Adriana
Format: Chapitre de livre
Langue:slovaque
Sujets:
Tags: Ajouter un tag
Pas de tags, Soyez le premier à ajouter un tag!

MARC

LEADER 00000naa$a2200000$$$4500
001 0125325
005 20240502072429.6
041 0 |a slo 
044 |a SK 
245 1 0 |a Manažment kvality s podporou iGRAFx  |c Adriana Horníková 
520 |a Požiadavka súčasnej doby - riešiť problémy a inovovať. Riešenie inovácií s podporou štatistických metód, metodikou riadenia a zlepšovania kvality, štatistického riadenia kvality, hĺbkovej analýzy údajov a možnosťou modelovania a simulovania podnikových procesov pomocou softvérových systémov iGrafx a pod. Modulový softvérový nástroj - systém iGrafx. 
610 2 0 |a riadenie kvality 
610 2 0 |a manažment 
610 2 0 |a systémy informačné manažérske 
610 2 0 |a softvér 
610 2 0 |a štatistika 
100 1 |a Horníková, Adriana